Storia della filosofia del diritto di Federico Giulio Stahl / (Record no. 165717)

MARC details
000 -LEADER
campo de control de longitud fija 00786nam a22002175i 4500
001 - NÚMERO DE CONTROL
campo de control 165717
003 - IDENTIFICADOR DE NÚMERO DE CONTROL
campo de control ES-MaACL
005 - FECHA Y HORA DE LA ÚLTIMA TRANSACCIÓN
campo de control 20250809062601.0
008 - DATOS DE LONGITUD FIJA--INFORMACIÓN GENERAL
campo de control de longitud fija 000208s1853 it |||| | ita d
040 ## - FUENTE DE CATALOGACIÓN
Centro catalogador/agencia de origen CCPB | B
Lengua de catalogación spa
Centro/agencia transcriptor CCPB | B
100 1# - ENTRADA PRINCIPAL--NOMBRE DE PERSONA
Nombre de persona Stahl, Friedrich Julius.
9 (RLIN) 132878
245 10 - MENCIÓN DEL TÍTULO
Título Storia della filosofia del diritto di Federico Giulio Stahl /
Mención de responsabilidad, etc. tradotta da Pietro Torre ; ed annotata da Raffaele Conforti.
260 ## - PUBLICACIÓN, DISTRIBUCIÓN, ETC.
Lugar de publicación, distribución, etc. Torino :
Nombre del editor, distribuidor, etc. [s.n.],
Fecha de publicación, distribución, etc. 1853 (
Fabricante Tip. G. Favale e Compagnia)
300 ## - DESCRIPCIÓN FÍSICA
Extensión XXII, 660, [2] p. ;
Dimensiones 24 cm.
650 #4 - PUNTO DE ACCESO ADICIONAL DE MATERIA--TÉRMINO DE MATERIA
Término de materia o nombre geográfico como elemento de entrada Derecho-
Subdivisión general Filosofía
9 (RLIN) 11620
700 11 - ENTRADA AGREGADA--NOMBRE PERSONAL
Nombre de persona Torre, Pietro,
Término indicativo de función/relación
9 (RLIN) 133313
700 11 - ENTRADA AGREGADA--NOMBRE PERSONAL
Nombre de persona Conforti, Raffaele,
Término indicativo de función/relación
9 (RLIN) 126565
752 ## - ENTRADA AGREGADA--NOMBRE JERÁRQUICO DEL LUGAR
País o entidad superior Italia -
Ciudad Turín
852 ## - LOCALIZACIÓN
Ubicación ES-MaACL
Número de control de estantería G-15022
Nota libre -- Enc. hol.
Holdings
Estatus retirado Estado de pérdida Estado de daño No para préstamo Colección Biblioteca de origen Biblioteca actual Ubicación en estantería Fecha de adquisición Fuente de adquisición Total de préstamos Signatura topográfica completa Código de barras Visto por última vez Precio de reemplazo Tipo de ítem Koha
        Libros del s. XIX Biblioteca del Ateneo de Madrid Biblioteca del Ateneo de Madrid Sala Pecera Planta 3 17/01/2008     G-15022 1173794 23/02/2023 23/02/2023 Libro impreso antiguo